[Event "POL-chT 2nd League"]
[Site "Jastrzebia Gora"]
[Date "2018.09.07"]
[Round "7.102"]
[White "Bogusz, Katarzyna"]
[Black "Waszczuk, Patrycja"]
[Result "0-1"]
[WhiteElo "1291"]
[BlackElo "1983"]
[PlyCount "80"]
[EventDate "2018.09.01"]
[EventType "team-swiss"]
[EventRounds "9"]
[EventCountry "POL"]
[SourceTitle "CBM 186 Extra"]
[Source "ChessBase"]
[SourceDate "2018.08.24"]
[SourceVersion "1"]
[SourceVersionDate "2018.08.24"]
[SourceQuality "1"]
[WhiteTeam "Plock Akademia"]
[BlackTeam "Siedlce KSz Skoczek"]
[WhiteTeamCountry "POL"]
[BlackTeamCountry "POL"]

1. c4 Nf6 2. Nc3 e6 3. g3 d5 4. cxd5 exd5 5. Bg2 c6 6. d4 Bf5 7. Nf3 Bd6 8. 0-0 h6 9. Re1 0-0 10. a3 a5 11. Nh4 Bh7 12. Bh3 Ne4 13. Nxe4 dxe4 14. e3 Qf6 15. Bd2 g5 16. Ng2 Qe7 17. Bc3 f5 18. Qb3+ Rf7 19. g4 f4 20. exf4 a4 21. Qa2 gxf4 22. Bb4 Bxb4 23. axb4 Qg5 24. Rac1 Nd7 25. b5 c5 26. b4 cxb4 27. Qe6 Nf8 28. Qc4 h5 29. f3 exf3 30. Re5 Qg7 31. Nxf4 hxg4 32. Bf1 f2+ 33. Kg2 Qf6 34. Qxf7+ Qxf7 35. Bc4 Qxc4 36. Rxc4 a3 37. Re7 a2 38. Rxb4 f1Q+ 39. Kxf1 a1Q+ 40. Re1 Qa3 0-1

[Event "POL-chT 2nd League"]
[Site "Jastrzebia Gora"]
[Date "2018.09.06"]
[Round "6.90"]
[White "Kindler, Karolina"]
[Black "Bogusz, Katarzyna"]
[Result "1-0"]
[WhiteElo "1632"]
[BlackElo "1291"]
[PlyCount "61"]
[EventDate "2018.09.01"]
[EventType "team-swiss"]
[EventRounds "9"]
[EventCountry "POL"]
[SourceTitle "CBM 186 Extra"]
[Source "ChessBase"]
[SourceDate "2018.08.24"]
[SourceVersion "1"]
[SourceVersionDate "2018.08.24"]
[SourceQuality "1"]
[WhiteTeam "Gdansk Korona"]
[BlackTeam "Plock Akademia"]
[WhiteTeamCountry "POL"]
[BlackTeamCountry "POL"]

1. d4 Nf6 2. Nf3 g6 3. Bg5 Bg7 4. c3 c5 5. e3 b6 6. Nbd2 Bb7 7. Bd3 0-0 8. 0-0 d6 9. e4 Nfd7 10. d5 Na6 11. Nc4 Ne5 12. Nfxe5 f6 13. Nxg6 hxg6 14. Bh4 Kf7 15. f4 Rh8 16. Qg4 Bc8 17. Qg3 b5 18. Ne3 c4 19. Bc2 Nc5 20. e5 Nd3 21. e6+ Bxe6 22. dxe6+ Kxe6 23. Qxg6 Rxh4 24. Qxg7 d5 25. f5+ Kd7 26. Nxd5 Rh8 27. Bxd3 cxd3 28. Rad1 Kc6 29. Nxe7+ Kc5 30. Qxf6 Qd6 31. b4+ 1-0